000 00568nam a22001817a 4500
003 OSt
005 20251024020352.0
008 251014b |||||||| |||| 00| 0 eng d
020 _a971-8966-93-8.
040 _aDWCL-Main lib
_cOC
082 _aFil. 658 C117m 2007
100 _aMa. Elenita B. Cabrera
245 _aManagement advisory services :
_bCPA reviewer
260 _aManila :
_bGIC Enterprises & Co., Inc.,
_cc2007.
300 _avi, various paging ;
_c23 cm.
650 _21. Management-Examination, questions, etc.
942 _2ddc
_cBK - FIL
_e2007 ed.
_kFil.
_n0
999 _c4888
_d4888